Fake, Fraud, or Genuine? : identifying authentic American antique furniture /

Bibliographic Details
Main Author: Kaye, Myrna
Format: Book
Language:English
Published: Boston, MA : Little, Brown & Co., [1987]
Edition:1st ed.
Subjects:

MARC

Tag First Indicator Second Indicator Subfields
LEADER 00000cam a22000008a 4500
001 in00000010841
005 20151007051929.0
008 870409s1987 mauaf b 00110 eng
010 |a  87002809  
020 |a 082121666X :  |c $34.00 
035 |a (OCoLC)15591322 
035 |9 AAA5503AM 
040 |a DLC  |c DLC  |d TXA  |d UtOrBLW 
043 |a n-us--- 
049 |a TXAM  |c [A12640512] 
050 0 0 |a NK2240  |b .K39 1987 
082 0 |a 749.213  |2 19 
100 1 |a Kaye, Myrna. 
245 1 0 |a Fake, Fraud, or Genuine? :  |b identifying authentic American antique furniture /  |c Myrna Kaye. 
250 |a 1st ed. 
264 1 |a Boston, MA :  |b Little, Brown & Co.,  |c [1987] 
264 4 |c ©1987 
300 |a 214 pages, 4 unnumbered pages of plates :  |b illustrations (some color) 
336 |a text  |b txt  |2 rdacontent 
337 |a unmediated  |b n  |2 rdamedia 
338 |a volume  |b nc  |2 rdacarrier 
500 |a "A New York Graphic Society book." 
504 |a Bibliography: pages 204-208. 
500 |a Includes index. 
650 0 |a Furniture  |z United States  |x Expertising. 
650 0 |a Furniture  |z United States  |x Collectors and collecting. 
999 |a MARS 
999 f f |s 1a5c9c3a-6771-3ed8-b0a6-a4e6e1efa340  |i 0d4a5a80-8e7b-34f7-a531-b3a7c5f78a44  |t 0 
952 f f |p normal  |a Texas A&M University  |b College Station  |c Sterling C. Evans Library  |d Evans: Library Stacks  |t 0  |e NK2240 .K39 1987  |h Library of Congress classification  |i unmediated -- volume  |m A14812640512 
998 f f |a NK2240 .K39 1987  |t 0  |l Evans: Library Stacks